| 000 | 00814nam a2200241 i 4500 | ||
|---|---|---|---|
| 001 | bg | ||
| 100 | 1 | _aGucma, Maciej. | |
| 245 | 1 | 0 |
_aPodstawy morskiej nawigacji inercyjnej / _cMaciej Gucma, Jakub Montewka ; Akademia Morska w Szczecinie. |
| 260 |
_aSzczecin : _bAkademia Morska, _c2006. |
||
| 300 |
_a81 s. : _brys., wykr. ; _c24 cm. |
||
| 504 | _aBibliogr. s. 79-80. | ||
| 521 | _aDla pracowników naukowych i studentów uczelni morskich ze specjalności: nawigacja morska, połowy morskie, inżynieria ruchu morskiego, hydrografia morska. | ||
| 650 | 9 | _aNawigacja morska | |
| 700 | 1 | _aMontewka, Jakub. | |
| 020 | _a9788389901200 | ||
| 040 | _cBPK | ||
| 041 | 0 | _apol | |
| 044 | _aPOL | ||
| 080 | _a627:629.5 | ||
| 920 | _a83-89901-20-X | ||
| 942 | _cKS | ||
| 008 | s pl f |000 0 pol | ||
| 999 |
_c55056 _d55056 |
||
| 856 |
_uhttp://koha.tu.koszalin.pl/cgi-bin/koha/opac-detail.pl?biblionumber=55056 _yKatalog online BPK |
||